000 00212 a2200097 4500
001 51383
100 _aE B I
245 _aBritannica Book of the Year 1985
260 _aChicago
_bE B I
_c
090 _c32573
_d32573
942 _aNUST-CAE
_cM
_c25084
999 _c286456
_d286456